000 00878nam a22002777a 4500
003 CHAP
005 20220329134459.0
008 971013s1971 r 00010 d
010 _a20987
011 _a21959
035 _a26051
040 _cCHAP
090 _aFolleto 2368
100 0 0 _aArroyo Pérez, Joel.
_97534
245 _aClasificación de usos y esfuerzos de trabajos para maderas venezolanas
260 _aMérida, Venezuela :
_bLaboratorio Nacional de Productos Forestales,
_c1971
300 _a89 p
590 _aBATCH-UPD
_b10
_c20130110
_lUCH01
_h1608
590 _aBATCH-UPD
_b10
_c20130410
_lUCH01
_h1004
590 _aBATCH-UPD
_b10
_c20130914
_lUCH01
_h0402
590 _aCONVERSION
_b10
_c20130109
_lUCH01
_h1312
650 1 4 _aMadera
_xPropiedades y usos.
_969621
901 _aBK
942 _cFOLL
949 _aFolleto 2368
_bBC
_cFOLL
_d-60222
_eTS1
_i26051
_si
999 _c20987
_d20987